| 000 | 00736nam a2200241 a 4500 | ||
|---|---|---|---|
| 008 | |||
| 020 | _a075065175X (pbk.) | ||
| 049 | _aMAIN | ||
| 090 |
_aRJ101 _bMAN |
||
| 100 | 1 | _aMantle, Fiona. | |
| 245 | 1 | 0 |
_aComplementary and alternative medicine for child and adolescent care / _cFiona Mantle ; foreword by Anne Casey. |
| 260 |
_aEdinburgh : _bButterworth Heinemann, _c2004. |
||
| 300 |
_axi, 228 p. ; _c25 cm. |
||
| 504 | _aIncludes bibliographcal references. | ||
| 500 | _aIncludes index. | ||
| 650 | 1 | _aPaediatrics. | |
| 650 | _aTherapeutics. | ||
| 907 |
_a.b1025920x _b03-11-09 _c12-12-08 |
||
| 003 | |||
| 005 | 20230120204009.0 | ||
| 040 | _cNUST | ||
| 942 |
_cBOOKS _kRJ101 _mMAN |
||
| 999 |
_c115289 _d115289 |
||